Hospodárske právo 2. časť

Bibliographic Details
Main Author: Suchoža, Jozef, 1931-2024 (Author)
Format: Book
Language:Slovak
PhysicalDescription:344 s. 29 cm
Published: Košice Univerzita P. J. Šafárika 1982
Edition:1. vyd.
Series:Vysokoškolské učebné texty
Subjects:

MARC

LEADER 00000nam a2200000 a 4500
001 vtls001099026
003 SK-MaSNL
005 20260301191733.0
008 240515s1982 xo f p 00000 slo
015 |a SNBA1982/09 
035 |a SNK000041868 
040 |a SNK  |b slo  |c SNK  |e AACR2 
041 0 |a slo 
044 |a xo  |c SK 
080 |a 347.4(075.8)  |2 1981 
100 1 |a Suchoža, Jozef,  |d 1931-2024  |4 aut  |9 182090 
245 1 0 |a Hospodárske právo  |n 2. časť  |c Jozef Suchoža 
250 |a 1. vyd. 
260 |a Košice  |b Univerzita P. J. Šafárika  |c 1982  |e Košice  |f Edičné stredisko UPJŠ 
300 |a 344 s.  |c 29 cm 
366 |e 500 výtl. 
490 1 |a Vysokoškolské učebné texty 
650 0 7 |a hospodárske právo  |2 SNKPH  |9 979 
650 0 7 |a hospodárske zmluvy  |2 SNKPH  |9 83380 
655 7 |a učebnice vysokých škôl  |2 SNKPH  |9 70191 
830 0 |a Vysokoškolské učebné texty  |9 276539 
852 |a Slovenská národná knižnica 
958 |a OND 
958 |a RM 
958 |a UV 
999 |c 872015  |d 873945 
952 |a SNK  |b SNK  |y VYP  |7 0  |p 17A0430626  |o snkSB 33528/2 D1  |i snkKSP 6743/82  |0 0  |1 0  |4 0  |d 2004-06-24  |l 0  |r 2004-12-31 00:00:00  |w 2026-02-24 
952 |a SNK  |b SNK  |y PREZ  |7 0  |p 17A0981696  |o snkSB 33528/2   |0 0  |1 0  |4 0  |d 2012-07-19  |f 1  |l 0  |r 2025-04-08 00:00:00  |w 2026-02-24